<?xml version="1.0" encoding="UTF-8"?>
<record
    xmlns:xsi="http://www.w3.org/2001/XMLSchema-instance"
    xsi:schemaLocation="http://www.loc.gov/MARC21/slim http://www.loc.gov/standards/marcxml/schema/MARC21slim.xsd"
    xmlns="http://www.loc.gov/MARC21/slim">

  <leader>04083nam a2200469Ii 4500</leader>
  <controlfield tag="001">DIGEPUJ0018</controlfield>
  <controlfield tag="003">NyNyDIG</controlfield>
  <controlfield tag="008">150818s2012    ck a    ob    000 0 spa d</controlfield>
  <controlfield tag="006">m     o  d        </controlfield>
  <controlfield tag="007">cr |||||||||||</controlfield>
  <datafield tag="020" ind1=" " ind2=" ">
    <subfield code="a">9789587167672</subfield>
    <subfield code="q">(eBook ;</subfield>
    <subfield code="q">ePub)</subfield>
  </datafield>
  <datafield tag="020" ind1=" " ind2=" ">
    <subfield code="a">9587167678</subfield>
    <subfield code="q">(eBook ;</subfield>
    <subfield code="q">ePub)</subfield>
  </datafield>
  <datafield tag="020" ind1=" " ind2=" ">
    <subfield code="z">9789587165081</subfield>
  </datafield>
  <datafield tag="020" ind1=" " ind2=" ">
    <subfield code="z">958716508X</subfield>
  </datafield>
  <datafield tag="040" ind1=" " ind2=" ">
    <subfield code="a">DGITA</subfield>
    <subfield code="b">eng</subfield>
    <subfield code="e">rda</subfield>
    <subfield code="e">pn</subfield>
    <subfield code="c">DGITA</subfield>
  </datafield>
  <datafield tag="043" ind1=" " ind2=" ">
    <subfield code="a">s-ck---</subfield>
    <subfield code="a">cl-----</subfield>
  </datafield>
  <datafield tag="050" ind1="1" ind2="4">
    <subfield code="a">F1412 eBook</subfield>
  </datafield>
  <datafield tag="245" ind1="0" ind2="0">
    <subfield code="a">Conmemoraciones y crisis :</subfield>
    <subfield code="b">procesos independentistas en Iberoam&#xE9;rica y la Nueva Granada /</subfield>
    <subfield code="c">Juan Camilo Escobar Villegas, Sarah de Mojica, Adolfo Le&#xF3;n Maya Salazar, editores.</subfield>
  </datafield>
  <datafield tag="250" ind1=" " ind2=" ">
    <subfield code="a">Primera edici&#xF3;n.</subfield>
  </datafield>
  <datafield tag="264" ind1=" " ind2="1">
    <subfield code="a">Bogot&#xE1;, D.C. :</subfield>
    <subfield code="b">Pontificia Universidad Javeriana :</subfield>
    <subfield code="b">Universidad Eafit,</subfield>
    <subfield code="c">agosto 2012.</subfield>
  </datafield>
  <datafield tag="300" ind1=" " ind2=" ">
    <subfield code="a">1 online resource :</subfield>
    <subfield code="b">illustrations. </subfield>
  </datafield>
  <datafield tag="336" ind1=" " ind2=" ">
    <subfield code="a">text</subfield>
    <subfield code="b">txt</subfield>
    <subfield code="2">rdacontent</subfield>
  </datafield>
  <datafield tag="337" ind1=" " ind2=" ">
    <subfield code="a">computer</subfield>
    <subfield code="b">c</subfield>
    <subfield code="2">rdamedia</subfield>
  </datafield>
  <datafield tag="338" ind1=" " ind2=" ">
    <subfield code="a">online resource</subfield>
    <subfield code="b">cr</subfield>
    <subfield code="2">rdacarrier</subfield>
  </datafield>
  <datafield tag="490" ind1="1" ind2=" ">
    <subfield code="a">Colecci&#xF3;n 2010 ;</subfield>
    <subfield code="v">2</subfield>
  </datafield>
  <datafield tag="504" ind1=" " ind2=" ">
    <subfield code="a">Includes bibliographical references.</subfield>
  </datafield>
  <datafield tag="505" ind1="0" ind2=" ">
    <subfield code="a">Conmemoraciones y crisis : centenario, sesquicentenario, bicentenario / Carlos Rinc&#xF3;n -- Memorar, conmemorar y representar las independencias iberoamericanas / Juan Camilo Escobar Villegas, Adolfo Le&#xF3;n Maya Salazar -- Constituci&#xF3;n e identidad pol&#xED;tica en la crisis de la monarqu&#xED;a espa&#xF1;ola / Jos&#xE9; Mar&#xED;a Portillo Vald&#xE9;s -- En busca de la otredad perdida : la cuesti&#xF3;n ind&#xED;gena en el contexto de la occidentalidad anticuaria americana de los siglos XVIII y XIX / Antonio El&#xED;as de Pedro Robles -- Im&#xE1;genes de la ciudad: '&#xBF;C&#xF3;mo se llamaba el que fund&#xF3; la patria?' / Carlos Monsiv&#xE1;is -- El modelo del pante&#xF3;n nacional : la invenci&#xF3;n de m&#xE1;rtires, h&#xE9;roes y pr&#xF3;ceres como figuras protag&#xF3;nicas del mito fundacional en Colombia: 1820-1910 / Sarah de Mojica --  Los retratos de Sim&#xF3;n Bol&#xED;var : la ruta dif&#xED;cil de una imagen / Javier Vilaltella -- Visualizaci&#xF3;n, poderes y legitimidad entre la Nueva Granada y la Rep&#xFA;blica de Colombia / Carlos Rinc&#xF3;n -- Una vez m&#xE1;s : &#xBF;qu&#xE9; no es Ilustraci&#xF3;n? / Lis&#xED;maco Parra -- La construcci&#xF3;n de la naci&#xF3;n y el retorno del rey / Justo Cu&#xF1;o Bonito -- Dios, monarqu&#xED;a, soberan&#xED;a e independencia en las constituciones provinciales durante la primera Rep&#xFA;blica / Jorge Tom&#xE1;s Uribe A. -- Escrituras de la independencia, b&#xFA;squedas y proyectos nacionales / Carmen Elisa Acosta Pe&#xF1;aloza -- Bol&#xED;var en Colombia : memoria, historia y pol&#xED;tica / Jorge Orlando Melo -- Econom&#xED;a pol&#xED;tica, independencias y proyectos de naci&#xF3;n en Nueva Granada durante el siglo XIX / Juan Camilo Escobar Villegas, Adolfo Le&#xF3;n Maya Salazar -- La historia al o&#xED;do : radioteatro e independencia (1940-1970) / Cristina Lleras Figueroa -- El mestizo que desaparece : el g&#xE9;nero en la construcci&#xF3;n de redes sociales entre mestizos de &#xE9;lite en Santaf&#xE9; de Bogot&#xE1;, siglos XVI y XVII / Joanne Rappaport -- Testimonio ind&#xED;gena sobre las luchas de resistencia / Jos&#xE9; Sebasti&#xE1;n Jansasoy -- Comercio esclavista y esclavizaci&#xF3;n en una 'naci&#xF3;n libre' (1810-1852) : una reflexi&#xF3;n sobre la independencia de Colombia a prop&#xF3;sito del Bicentenario / Leonardo Reales.</subfield>
  </datafield>
  <datafield tag="588" ind1="0" ind2=" ">
    <subfield code="a">Online resource; title from ePub title page (Digitalia, viewed August 18, 2015)</subfield>
  </datafield>
  <datafield tag="651" ind1=" " ind2="0">
    <subfield code="a">Colombia</subfield>
    <subfield code="x">History</subfield>
    <subfield code="y">War of Independence, 1810-1822.</subfield>
  </datafield>
  <datafield tag="651" ind1=" " ind2="0">
    <subfield code="a">Latin America</subfield>
    <subfield code="x">History</subfield>
    <subfield code="y">Wars of Independence, 1806-1830.</subfield>
  </datafield>
  <datafield tag="655" ind1=" " ind2="0">
    <subfield code="a">Electronic books.</subfield>
  </datafield>
  <datafield tag="700" ind1="1" ind2=" ">
    <subfield code="a">Escobar Villegas, Juan Camilo,</subfield>
    <subfield code="d">1960-</subfield>
    <subfield code="e">editor.</subfield>
  </datafield>
  <datafield tag="700" ind1="1" ind2=" ">
    <subfield code="a">Mojica, Sarah de,</subfield>
    <subfield code="e">editor.</subfield>
  </datafield>
  <datafield tag="700" ind1="1" ind2=" ">
    <subfield code="a">Maya Salazar, Adolfo Le&#xF3;n,</subfield>
    <subfield code="d">1961-</subfield>
    <subfield code="e">editor.</subfield>
  </datafield>
  <datafield tag="791" ind1="2" ind2=" ">
    <subfield code="a">Digitalia (Firm),</subfield>
    <subfield code="e">distributor.</subfield>
  </datafield>
  <datafield tag="793" ind1="0" ind2=" ">
    <subfield code="g">Digitalia eBook Collection:</subfield>
    <subfield code="a">Pontificia Universidad Javeriana.</subfield>
  </datafield>
  <datafield tag="776" ind1="0" ind2="8">
    <subfield code="i">Print version:</subfield>
    <subfield code="t">Conmemoraciones y crisis.</subfield>
    <subfield code="d">Bogot&#xE1; : Pontificia Universidad Javeriana : Universidad Eafit, 2012.</subfield>
    <subfield code="z">9789587165081</subfield>
    <subfield code="w">(OCoLC)825056124.</subfield>
  </datafield>
  <datafield tag="830" ind1=" " ind2="0">
    <subfield code="a">Colecci&#xF3;n 2010 ;</subfield>
    <subfield code="v">2.</subfield>
  </datafield>
  <datafield tag="856" ind1="4" ind2="0">
    <subfield code="3">Digitalia Hisp&#xE1;nica</subfield>
    <subfield code="u">https://www.digitaliapublishing.com/a/19508/</subfield>
  </datafield>
  <datafield tag="910" ind1=" " ind2=" ">
    <subfield code="a">Premium Collection: 2015</subfield>
  </datafield>
  <datafield tag="942" ind1=" " ind2=" ">
    <subfield code="c">RAA</subfield>
  </datafield>
  <datafield tag="952" ind1=" " ind2=" ">
    <subfield code="0">0</subfield>
    <subfield code="1">0</subfield>
    <subfield code="4">0</subfield>
    <subfield code="7">0</subfield>
    <subfield code="8">DEH</subfield>
    <subfield code="a">BD-UIN</subfield>
    <subfield code="b">BD-UIN</subfield>
    <subfield code="d">2025-04-25</subfield>
    <subfield code="l">0</subfield>
    <subfield code="r">2025-04-25</subfield>
    <subfield code="w">2025-04-25</subfield>
    <subfield code="y">RAA</subfield>
  </datafield>
  <datafield tag="999" ind1=" " ind2=" ">
    <subfield code="c">236477</subfield>
    <subfield code="d">236477</subfield>
  </datafield>
</record>
